<?xml version="1.0" encoding="UTF-8"?>
<record
    xmlns:xsi="http://www.w3.org/2001/XMLSchema-instance"
    xsi:schemaLocation="http://www.loc.gov/MARC21/slim http://www.loc.gov/standards/marcxml/schema/MARC21slim.xsd"
    xmlns="http://www.loc.gov/MARC21/slim">

  <leader>00380nam a2200145Ia 4500</leader>
  <controlfield tag="008">191201s2019    xx            000 0 und d</controlfield>
  <datafield tag="082" ind1=" " ind2=" ">
    <subfield code="a">615.19 SIT</subfield>
  </datafield>
  <datafield tag="100" ind1=" " ind2=" ">
    <subfield code="a">SIDDIQUI, Anees Ahmad</subfield>
  </datafield>
  <datafield tag="245" ind1=" " ind2="0">
    <subfield code="a">Text Book of Pharmaceutical chemistry- II</subfield>
  </datafield>
  <datafield tag="260" ind1=" " ind2=" ">
    <subfield code="b">Birla Pub</subfield>
    <subfield code="a">New Delhi</subfield>
    <subfield code="c">2019</subfield>
  </datafield>
  <datafield tag="300" ind1=" " ind2=" ">
    <subfield code="a">240</subfield>
  </datafield>
  <datafield tag="650" ind1=" " ind2=" ">
    <subfield code="a">Medicinal Chemistry</subfield>
  </datafield>
  <datafield tag="700" ind1=" " ind2=" ">
    <subfield code="a">Siddiqui, S</subfield>
  </datafield>
  <datafield tag="942" ind1=" " ind2=" ">
    <subfield code="2">ddc</subfield>
    <subfield code="c">BK</subfield>
  </datafield>
  <datafield tag="999" ind1=" " ind2=" ">
    <subfield code="c">8271</subfield>
    <subfield code="d">8271</subfield>
  </datafield>
  <datafield tag="952" ind1=" " ind2=" ">
    <subfield code="0">0</subfield>
    <subfield code="1">0</subfield>
    <subfield code="2">ddc</subfield>
    <subfield code="4">0</subfield>
    <subfield code="7">0</subfield>
    <subfield code="8">DP</subfield>
    <subfield code="a">PIET</subfield>
    <subfield code="b">PIET</subfield>
    <subfield code="d">2019-03-25</subfield>
    <subfield code="e">Kirti Prakashan</subfield>
    <subfield code="g">220.00</subfield>
    <subfield code="k">IN 3105</subfield>
    <subfield code="l">3</subfield>
    <subfield code="o">615.19 SIT</subfield>
    <subfield code="p">DP302</subfield>
    <subfield code="r">2022-12-19 00:00:00</subfield>
    <subfield code="s">2022-12-15</subfield>
    <subfield code="v">147.40</subfield>
    <subfield code="w">2019-03-12</subfield>
    <subfield code="y">BK</subfield>
  </datafield>
  <datafield tag="952" ind1=" " ind2=" ">
    <subfield code="0">0</subfield>
    <subfield code="1">0</subfield>
    <subfield code="2">ddc</subfield>
    <subfield code="4">0</subfield>
    <subfield code="7">0</subfield>
    <subfield code="8">DP</subfield>
    <subfield code="a">PIET</subfield>
    <subfield code="b">PIET</subfield>
    <subfield code="d">2019-03-25</subfield>
    <subfield code="e">Kirti Prakashan</subfield>
    <subfield code="g">220.00</subfield>
    <subfield code="k">IN 3105</subfield>
    <subfield code="l">7</subfield>
    <subfield code="o">615.19 SIT</subfield>
    <subfield code="p">DP303</subfield>
    <subfield code="r">2023-02-20 00:00:00</subfield>
    <subfield code="s">2023-02-08</subfield>
    <subfield code="v">147.40</subfield>
    <subfield code="w">2019-03-12</subfield>
    <subfield code="y">BK</subfield>
  </datafield>
  <datafield tag="952" ind1=" " ind2=" ">
    <subfield code="0">0</subfield>
    <subfield code="1">0</subfield>
    <subfield code="2">ddc</subfield>
    <subfield code="4">0</subfield>
    <subfield code="7">0</subfield>
    <subfield code="8">DP</subfield>
    <subfield code="a">PIET</subfield>
    <subfield code="b">PIET</subfield>
    <subfield code="d">2019-03-25</subfield>
    <subfield code="e">Kirti Prakashan</subfield>
    <subfield code="g">220.00</subfield>
    <subfield code="k">IN 3105</subfield>
    <subfield code="l">6</subfield>
    <subfield code="o">615.19 SIT</subfield>
    <subfield code="p">DP304</subfield>
    <subfield code="r">2023-02-20 00:00:00</subfield>
    <subfield code="s">2023-02-08</subfield>
    <subfield code="v">147.40</subfield>
    <subfield code="w">2019-03-12</subfield>
    <subfield code="y">BK</subfield>
  </datafield>
  <datafield tag="952" ind1=" " ind2=" ">
    <subfield code="0">0</subfield>
    <subfield code="1">0</subfield>
    <subfield code="2">ddc</subfield>
    <subfield code="4">0</subfield>
    <subfield code="7">0</subfield>
    <subfield code="8">DP</subfield>
    <subfield code="a">PIET</subfield>
    <subfield code="b">PIET</subfield>
    <subfield code="d">2019-03-25</subfield>
    <subfield code="e">Kirti Prakashan</subfield>
    <subfield code="g">220.00</subfield>
    <subfield code="k">IN 3105</subfield>
    <subfield code="l">0</subfield>
    <subfield code="o">615.19 SIT</subfield>
    <subfield code="p">DP305</subfield>
    <subfield code="r">2019-12-04 00:00:00</subfield>
    <subfield code="v">147.40</subfield>
    <subfield code="w">2019-03-12</subfield>
    <subfield code="y">REF</subfield>
  </datafield>
</record>
